000 00633nam a2200253Ia 4500
005 20250425162712.0
008 250425s9999 xx 000 0 und d
020 _a99788628X
041 _aspa
043 _aec
082 _a341.02636
100 _aCORPORACION, DE ESTUDIOS Y PUBLICACIONES
245 0 _aCODIGO TRIBUTARIO
250 _a1A ED
260 _aEcuador
_bCORPORACION D ESTUDIOS Y PUBLICACIONES
_c2016
260 _aQUITO
300 _a57
650 _aCONCORDATO
650 _aDERECHO
650 _aRESOLUCIONES
710 _aCORPORACION DE ESTUDIOS Y PUBLICACIONES
942 _c01
010 _a98264
999 _c234715
_d234715